[Event "Wch U10"]
[Site "Belfort"]
[Date "2005.07.26"]
[Round "9"]
[White "Diloyan, Ara"]
[Black "Banos Robles, Romain"]
[Result "1-0"]
[WhiteElo "1599"]
[BlackElo "1599"]
[PlyCount "47"]
[EventDate "2005.07.19"]
[EventType "swiss"]
[EventRounds "11"]
[EventCountry "FRA"]
[SourceTitle "CBM 107 Extra"]
[Source "ChessBase"]
[SourceDate "2005.09.01"]
[SourceVersion "1"]
[SourceVersionDate "2005.09.01"]
[SourceQuality "1"]

1. e4 e5 2. Nf3 Nc6 3. Bb5 a6 4. Ba4 Nf6 5. 0-0 b5 6. Bb3 Be7 7. Re1 d6 8. c3 0-0 9. h3 Na5 10. Bc2 c5 11. d4 cxd4 12. cxd4 Bb7 13. a3 exd4 14. Nxd4 Nc6 15. Nc3 d5 16. e5 Ne8 17. Nf5 d4 18. Nxg7 Nxg7 19. Qd3 f5 20. exf6 Rxf6 21. Qxh7+ Kf8 22. Bb3 Ke8 23. Qxg7 Rd6 24. Ne4 1-0